000
00472nam a2200169Ia 4500
008
100204s9999 xx 000 0 und d
082
_b
27843
100
_a
कमगोल्ड जोसेफ
245
_a
अॅड नाउ मिगेल
250
_a
0
260
_c
2005
300
_a
159
630
_a
अॅड नाउ मिगेल
700
_a
किणीकर रॉय
730
_a
अॅड नाउ मिगेल
942
_c
BOOK
999
_c
473023
_d
473020